00289nam a2200121Ia 4500008004100000100003000041245003200071260002200103300000900125650001100134942000700145999001500152190216s9999||||xx |||||||||||||| ||und|| aHussain S I&Amp; Khan T A 0aNematode Diseases Of Plants bFalcon Bookc1988 a306p aBotany cBK c1403d1403